Postavenie elektromobility v Európskej únii a vo svete
Tvorba emisií z dopravy ako jeden zo závažných environmentálnych problémov. Vymedzenie elektromobility. Postavenie elektromobility v Európskej únii. Vývoj produkcie emisií z motorových vozidiel v EÚ (2000-2014). Vývoj emisií z motorových vozidiel vo vybraných krajinách Európy. Postavenie elektromobi...
Gespeichert in:
| 1. Verfasser: | |
|---|---|
| Weitere Verfasser: | |
| Format: | Buchkapitel |
| Sprache: | Slowakisch |
| Schlagworte: | |
| Tags: |
Keine Tags, Fügen Sie das erste Tag hinzu!
|
MARC
| LEADER | 00000naa$a2200000$$$4500 | ||
|---|---|---|---|
| 001 | 0260300 | ||
| 005 | 20240502074122.8 | ||
| 041 | 0 | |a slo | |
| 044 | |a SK | ||
| 245 | 1 | 0 | |a Postavenie elektromobility v Európskej únii a vo svete |c Patrik Richnák, Mária Čornejová |
| 520 | |a Tvorba emisií z dopravy ako jeden zo závažných environmentálnych problémov. Vymedzenie elektromobility. Postavenie elektromobility v Európskej únii. Vývoj produkcie emisií z motorových vozidiel v EÚ (2000-2014). Vývoj emisií z motorových vozidiel vo vybraných krajinách Európy. Postavenie elektromobility vo svete. Vývoj produkcie emisií vo svete. TOP 10 krajín sveta v predaji Plug -in hybridu za rok 2018. | ||
| 610 | 2 | 0 | |a priemysel automobilový |
| 610 | 2 | 0 | |a automobily osobné |
| 610 | 2 | 0 | |a elektromobily |
| 610 | 2 | 0 | |a emisie |
| 610 | 2 | 0 | |a ochrana prostredia životného |
| 100 | 1 | |a Richnák, Patrik, 1988- | |
| 700 | 1 | |a Čornejová, Mária | |